000 00310nam a22001457a 4500
008 210305b ||||| |||| 00| 0 eng d
020 _a0812113624
041 _aeng
080 _a617
082 _a617
100 _a5
101 _aKIR
245 _aMediastinal Surgery
_cShields, Th. Sh
942 _2udc
_cBK
999 _c55816
_d55816